[Event "World op 43rd"]
[Site "Arlington"]
[Date "2015.07.03"]
[Round "4"]
[White "Mena Crespo, Carlos E"]
[Black "Korley, Kassa"]
[Result "1/2-1/2"]
[WhiteElo "2293"]
[BlackElo "2430"]
[PlyCount "86"]
[EventDate "2015.07.01"]
[EventType "swiss"]
[EventRounds "9"]
[EventCountry "USA"]
[SourceTitle "CBM 167 Extra"]
[Source "ChessBase"]
[SourceDate "2015.09.14"]
[SourceVersion "1"]
[SourceVersionDate "2015.09.14"]
[SourceQuality "1"]

1. Nf3 d5 2. g3 Nf6 3. Bg2 e6 4. 0-0 Be7 5. d4 0-0 6. c4 dxc4 7. Qc2 b5 8. a4 b4 9. Nbd2 b3 10. Qxc4 Ba6 11. Qxb3 Bxe2 12. Re1 Ba6 13. Ne5 c6 14. Ndf3 Nd5 15. Bd2 Qb6 16. Qc2 Bf6 17. a5 Qb7 18. Rac1 Bb5 19. h4 Nd7 20. Ng4 Rfc8 21. Nxf6+ N5xf6 22. b4 Qa6 23. Ne5 Nxe5 24. dxe5 Nd5 25. Be4 h6 26. Qb3 Be2 27. f3 Rd8 28. Kf2 Bb5 29. Be3 Nxe3 30. Kxe3 Qb7 31. Red1 Qe7 32. Qc3 Ba4 33. Rxd8+ Rxd8 34. Ra1 Bb5 35. Ra2 g5 36. h5 g4 37. f4 Rd1 38. Rb2 a6 39. Rb1 Qd7 40. Rxd1 Qxd1 41. Qd2 Qg1+ 42. Qf2 Qc1+ 43. Qd2 Qg1+ 1/2-1/2

[Event "Chicago op 23rd"]
[Site "Wheeling"]
[Date "2014.05.24"]
[Round "4"]
[White "Li, Ethan"]
[Black "Mena Crespo, Carlos E"]
[Result "0-1"]
[WhiteElo "2138"]
[BlackElo "2311"]
[PlyCount "78"]
[EventDate "2014.05.22"]
[EventType "swiss"]
[EventRounds "9"]
[EventCountry "USA"]
[SourceTitle "CBM 160 Extra"]
[Source "ChessBase"]
[SourceDate "2014.07.01"]
[SourceVersion "1"]
[SourceVersionDate "2014.07.01"]
[SourceQuality "1"]

1. d4 g6 2. c4 Bg7 3. Nf3 d6 4. Nc3 Bg4 5. e3 Nf6 6. h3 Bxf3 7. Qxf3 c6 8. Bd3 Nbd7 9. 0-0 0-0 10. Rb1 e5 11. d5 c5 12. e4 Kh8 13. Bg5 a6 14. Qe2 Qc7 15. b3 Ng8 16. Qd2 h5 17. a3 Kh7 18. b4 Bh6 19. Rb3 Bxg5 20. Qxg5 Kg7 21. Ne2 Qd8 22. Qe3 Ngf6 23. g3 h4 24. f4 hxg3 25. f5 Rh8 26. Nxg3 g5 27. Qxg5+ Kf8 28. Kh2 Ke7 29. Be2 Qc7 30. b5 Rag8 31. Qe3 a5 32. b6 Qd8 33. Kg2 Rh4 34. Bg4 Rg7 35. Kf3 Kf8 36. Ke2 Nxg4 37. hxg4 Rgxg4 38. Rh1 Rxg3 39. Qxg3 Rxh1 0-1

[Event "Chicago op 23rd"]
[Site "Wheeling"]
[Date "2014.05.23"]
[Round "3"]
[White "Mena Crespo, Carlos E"]
[Black "Shabalov, Alexander"]
[Result "0-1"]
[WhiteElo "2311"]
[BlackElo "2506"]
[PlyCount "82"]
[EventDate "2014.05.22"]
[EventType "swiss"]
[EventRounds "9"]
[EventCountry "USA"]
[SourceTitle "CBM 160 Extra"]
[Source "ChessBase"]
[SourceDate "2014.07.01"]
[SourceVersion "1"]
[SourceVersionDate "2014.07.01"]
[SourceQuality "1"]

1. Nf3 c5 2. b3 d5 3. e3 a6 4. c4 d4 5. exd4 cxd4 6. g3 g6 7. b4 Bg7 8. d3 Nc6 9. Qb3 Nf6 10. Bg2 Qd6 11. Ba3 Qe6+ 12. Kf1 0-0 13. Nbd2 Re8 14. Re1 Qf5 15. Bb2 e5 16. h3 h5 17. Kg1 Bd7 18. Kh2 b5 19. Re2 Rab8 20. a3 Na5 21. Qd1 bxc4 22. dxc4 Nc6 23. Nh4 Qe6 24. Rhe1 e4 25. Nxe4 Nxe4 26. Rxe4 Qxc4 27. Rxe8+ Rxe8 28. Rxe8+ Bxe8 29. Nf3 Bd7 30. Qc1 Qe2 31. Qd2 d3 32. Bxg7 Kxg7 33. Qc3+ Kg8 34. Ng1 Qc2 35. Qxc2 dxc2 36. Ne2 Nd4 37. Nc1 Bb5 38. Be4 f5 39. Bd3 Kf7 40. g4 h4 41. gxf5 gxf5 0-1

[Event "Capablanca Memorial op-A 46th"]
[Site "Havana"]
[Date "2011.05.19"]
[Round "8"]
[White "Mena Crespo, Carlos E"]
[Black "Osorio Itanare, Fernando Augus"]
[Result "1/2-1/2"]
[WhiteElo "2347"]
[BlackElo "2208"]
[PlyCount "139"]
[EventDate "2011.05.11"]
[EventType "swiss"]
[EventRounds "10"]
[EventCountry "CUB"]
[SourceTitle "CBM 142 Extra"]
[Source "ChessBase"]
[SourceDate "2011.06.27"]
[SourceVersion "1"]
[SourceVersionDate "2011.06.27"]
[SourceQuality "1"]

1. Nf3 f5 2. g3 Nf6 3. Bg2 g6 4. 0-0 Bg7 5. d3 d6 6. Nc3 0-0 7. e4 e5 8. exf5 gxf5 9. d4 e4 10. Ng5 Nc6 11. Ne2 Qe8 12. c3 h6 13. Nh3 Be6 14. Be3 Ne7 15. Qd2 Kh7 16. b3 Ng6 17. c4 c6 18. Rac1 Qe7 19. Nhf4 Nxf4 20. Nxf4 Bd7 21. d5 c5 22. h3 a5 23. a4 b6 24. Rce1 Rae8 25. Qd1 Qf7 26. Bc1 Re7 27. Kh2 Rfe8 28. Be3 Bc8 29. Rh1 Nd7 30. Bf1 Bc3 31. Re2 Ne5 32. Bg2 Ng6 33. Qc1 Bd4 34. Rhe1 Nxf4 35. Bxf4 Qf6 36. Rc2 Be5 37. h4 Bxf4 38. Qxf4 Qe5 39. Rce2 Qxf4 40. gxf4 Kg7 41. Re3 Kf6 42. Bh3 Bd7 43. h5 Rd8 44. f3 Be8 45. fxe4 fxe4 46. Bg4 Bf7 47. Kh3 Rde8 48. Kh4 Bg8 49. Bh3 Bh7 50. Rg3 Rg7 51. Rxg7 Kxg7 52. Be6 Kf6 53. f5 Ke5 54. Bf7 Rf8 55. Bg6 Bg8 56. f6 Kxf6 57. Rxe4 Rd8 58. Kg4 Rb8 59. Bf5 Rd8 60. Be6 Bh7 61. Re3 Bc2 62. Rf3+ Ke5 63. Kg3 Bd1 64. Rf4 Bxb3 65. Kf3 Bxa4 66. Ke3 Bc2 67. Rf2 Bh7 68. Rf7 Bc2 69. Rf2 Bb1 70. Rf1 1/2-1/2

[Event "Capablanca Memorial op-A 46th"]
[Site "Havana"]
[Date "2011.05.18"]
[Round "7"]
[White "Vigoa Apecheche, Yanira"]
[Black "Mena Crespo, Carlos E"]
[Result "0-1"]
[WhiteElo "2279"]
[BlackElo "2347"]
[PlyCount "134"]
[EventDate "2011.05.11"]
[EventType "swiss"]
[EventRounds "10"]
[EventCountry "CUB"]
[SourceTitle "CBM 142 Extra"]
[Source "ChessBase"]
[SourceDate "2011.06.27"]
[SourceVersion "1"]
[SourceVersionDate "2011.06.27"]
[SourceQuality "1"]

1. d4 Nf6 2. c4 e6 3. Nf3 Bb4+ 4. Bd2 Qe7 5. a3 Bxd2+ 6. Qxd2 0-0 7. Nc3 d6 8. e3 e5 9. d5 Bg4 10. h3 Bxf3 11. gxf3 Nbd7 12. Bd3 a5 13. Bc2 Nb6 14. Qe2 c6 15. Rd1 cxd5 16. cxd5 Rfc8 17. h4 Rc5 18. h5 Nbxd5 19. Na4 Rc6 20. Bb3 Nb6 21. Nc3 a4 22. Ba2 Ra5 23. e4 Rac5 24. Qe3 h6 25. Ke2 Nh7 26. Rhg1 Ng5 27. Rg3 Nd7 28. Nd5 Qd8 29. Nb4 Rc8 30. Rxd6 Qe7 31. Rd2 Nf6 32. Nd5 Rxd5 33. exd5 Nxh5 34. d6 Qd7 35. Rg4 Nf4+ 36. Rxf4 exf4 37. Qxf4 Qb5+ 38. Ke3 Re8+ 39. Kd4 Qc6 40. Bd5 Ne6+ 41. Bxe6 Rxe6 42. d7 Qxd7+ 43. Kc3 Qc6+ 44. Kb4 Qb6+ 45. Kxa4 Re8 46. b4 Qe6 47. b5 Ra8+ 48. Kb4 Qb6 49. a4 h5 50. Rd7 Rf8 51. Rd5 Qxf2 52. Rxh5 Qb2+ 53. Kc5 Qf2+ 54. Kb4 Rd8 55. Qh2 Qd4+ 56. Kb3 Qe3+ 57. Kb4 Rd4+ 58. Ka5 b6+ 59. Ka6 Rxa4+ 60. Kb7 Qe7+ 61. Kc6 Qe6+ 62. Kc7 Qe7+ 63. Kc6 Qe6+ 64. Kc7 g6 65. Rh8+ Kg7 66. Kb8 Qd5 67. Kc7 Ra7+ 0-1

[Event "Capablanca Memorial op-A 46th"]
[Site "Havana"]
[Date "2011.05.17"]
[Round "6"]
[White "Mena Crespo, Carlos E"]
[Black "Ynojosa Aponte, Felix Jose"]
[Result "0-1"]
[WhiteElo "2347"]
[BlackElo "2255"]
[PlyCount "96"]
[EventDate "2011.05.11"]
[EventType "swiss"]
[EventRounds "10"]
[EventCountry "CUB"]
[SourceTitle "CBM 142 Extra"]
[Source "ChessBase"]
[SourceDate "2011.06.27"]
[SourceVersion "1"]
[SourceVersionDate "2011.06.27"]
[SourceQuality "1"]

1. Nf3 Nf6 2. g3 b6 3. Bg2 Bb7 4. 0-0 c5 5. c4 e6 6. b3 Be7 7. Bb2 0-0 8. e3 d5 9. Nc3 dxc4 10. bxc4 a6 11. Qe2 Qc7 12. Rfd1 Nc6 13. Rab1 Na5 14. Ba1 Rfd8 15. h3 Nd7 16. d3 Rab8 17. Rd2 Bc6 18. a4 Bf6 19. Qd1 Ne5 20. Ne1 Bxg2 21. Kxg2 Nec6 22. f4 Rd7 23. Nf3 Rbd8 24. Qe2 Nb4 25. d4 Qc6 26. d5 exd5 27. Nxd5 Nxd5 28. cxd5 Rxd5 29. Rxd5 Rxd5 30. Bxf6 gxf6 31. e4 Rd8 32. Nh4 Kh8 33. Nf5 Qe6 34. Re1 Nb3 35. Qg4 Rg8 36. Qd1 b5 37. axb5 axb5 38. Nh6 Ra8 39. Qh5 Nd4 40. Nxf7+ Kg7 41. Nh6 Ra2+ 42. Kg1 Qb3 43. Nf5+ Nxf5 44. Qg4+ Kf8 45. exf5 Qb2 46. Qf3 Qh2+ 47. Kf1 Qxh3+ 48. Kg1 Kg7 0-1

[Event "Capablanca Memorial op-A 46th"]
[Site "Havana"]
[Date "2011.05.15"]
[Round "5"]
[White "Fernandez Hernandez, Arturo Augusto"]
[Black "Mena Crespo, Carlos E"]
[Result "1/2-1/2"]
[WhiteElo "2265"]
[BlackElo "2347"]
[PlyCount "120"]
[EventDate "2011.05.11"]
[EventType "swiss"]
[EventRounds "10"]
[EventCountry "CUB"]
[SourceTitle "CBM 142 Extra"]
[Source "ChessBase"]
[SourceDate "2011.06.27"]
[SourceVersion "1"]
[SourceVersionDate "2011.06.27"]
[SourceQuality "1"]

1. e4 e6 2. d4 d5 3. Nd2 Nf6 4. e5 Ng8 5. Bd3 b6 6. c3 Qd7 7. f4 Ne7 8. Ndf3 a5 9. Be3 Ba6 10. Ne2 Nf5 11. Bf2 h5 12. g3 Be7 13. 0-0 Bxd3 14. Qxd3 Nc6 15. b3 a4 16. b4 Na7 17. Rac1 b5 18. h3 0-0-0 19. Kg2 Rdg8 20. Qd2 Kb7 21. Rh1 Nc8 22. Rcg1 Nb6 23. Kf1 Nc4 24. Qc1 Qe8 25. Ke1 Bd8 26. g4 hxg4 27. hxg4 Rxh1 28. Rxh1 Nh6 29. g5 Nf5 30. Ng3 Rh8 31. Ke2 Nxg3+ 32. Bxg3 f6 33. Rxh8 Qxh8 34. gxf6 gxf6 35. Nd2 Qh3 36. Nxc4 Qxg3 37. Nb2 Qg4+ 38. Kd3 fxe5 39. dxe5 a3 40. Nd1 Qf5+ 41. Ke2 c6 42. Nf2 Bb6 43. Qd2 Qh5+ 44. Ke1 Qh4 45. Kf1 Qg3 46. Nd3 Be3 47. Qg2 Bxf4 48. Qxg3 Bxg3 49. Kg2 Bh4 50. Nc5+ Kb6 51. Nxe6 Be1 52. Nc5 Kc7 53. Na6+ Kc8 54. e6 Bh4 55. Nc5 Kd8 56. Nb3 Ke7 57. Nd4 Bf6 58. Nxc6+ Kxe6 59. Nd4+ Bxd4 60. cxd4 Kf5 1/2-1/2

[Event "Capablanca Memorial op-A 46th"]
[Site "Havana"]
[Date "2011.05.14"]
[Round "4"]
[White "Mena Crespo, Carlos E"]
[Black "Delgado Ramos, Hector"]
[Result "0-1"]
[WhiteElo "2347"]
[BlackElo "2480"]
[PlyCount "108"]
[EventDate "2011.05.11"]
[EventType "swiss"]
[EventRounds "10"]
[EventCountry "CUB"]
[SourceTitle "CBM 142 Extra"]
[Source "ChessBase"]
[SourceDate "2011.06.27"]
[SourceVersion "1"]
[SourceVersionDate "2011.06.27"]
[SourceQuality "1"]

1. Nf3 d5 2. g3 c6 3. Bg2 Nf6 4. 0-0 Bg4 5. d3 Nbd7 6. c4 e6 7. Be3 Bd6 8. Qb3 Qb8 9. Nc3 0-0 10. cxd5 exd5 11. Bd4 Bxf3 12. Bxf3 Bc5 13. Bxc5 Nxc5 14. Qa3 Ne6 15. Bg2 a5 16. e3 d4 17. Ne2 dxe3 18. fxe3 Re8 19. Rae1 Qa7 20. d4 Qb6 21. Qb3 Qxb3 22. axb3 Ng5 23. Nc3 Nge4 24. Nxe4 Nxe4 25. Re2 g6 26. g4 Ra6 27. Rf4 Ng5 28. h4 Ne6 29. Rff2 Nc7 30. Rf3 Rb6 31. Ref2 Re7 32. e4 Rb4 33. d5 cxd5 34. exd5 Nxd5 35. Rxf7 Rxg4 36. Rxe7 Nxe7 37. h5 Rg3 38. hxg6 hxg6 39. Rf3 Rxf3 40. Bxf3 b6 41. Kf2 Nf5 42. Bd5+ Kf8 43. Ke2 Ke7 44. Kd3 Kd6 45. Bf7 g5 46. Ke4 g4 47. Kf4 g3 48. Kf3 Kc5 49. Bg8 Kb4 50. Bf7 b5 51. Bd5 Nd4+ 52. Kxg3 Nxb3 53. Kf2 Nd2 54. Ke1 Nc4 0-1

[Event "CUB-ch sf"]
[Site "Santa Clara"]
[Date "2010.11.13"]
[Round "7"]
[White "Mena Crespo, Carlos E"]
[Black "Alvarez Pedraza, Aramis"]
[Result "0-1"]
[WhiteElo "2322"]
[BlackElo "2516"]
[PlyCount "102"]
[EventDate "2010.11.07"]
[EventType "tourn"]
[EventRounds "13"]
[EventCountry "CUB"]
[EventCategory "4"]
[SourceTitle "CBM 139 Extra"]
[Source "ChessBase"]
[SourceDate "2011.01.05"]
[SourceVersion "1"]
[SourceVersionDate "2011.01.05"]
[SourceQuality "1"]

1. Nf3 d6 2. g3 e5 3. d3 f5 4. Bg2 Nf6 5. 0-0 Be7 6. c4 0-0 7. Nc3 Qe8 8. Bg5 Qh5 9. Bxf6 Bxf6 10. Nd2 Qg6 11. c5 Kh8 12. cxd6 cxd6 13. Nb5 Bd8 14. Nc4 Rf6 15. Rc1 Nc6 16. d4 e4 17. d5 Ne7 18. Qb3 f4 19. Qa3 Bg4 20. Nbxd6 Bxe2 21. Nxe4 Bxf1 22. Rxf1 Rf8 23. Nc5 fxg3 24. hxg3 Ng8 25. Nd7 Re8 26. Nce5 Rxe5 27. Nxe5 Qf5 28. Qd6 Bb6 29. Qe6 Nh6 30. g4 Qf4 31. g5 Qxg5 32. d6 Rf8 33. Nd7 Rxf2 34. Rxf2 Qc1+ 35. Kh2 Bxf2 36. Qe8+ Ng8 37. Qe5 Be3 38. Kg3 Qe1+ 39. Kh3 Qf2 40. Qg3 Qf5+ 41. Qg4 Nh6 42. Qxf5 Nxf5 43. Bxb7 Nxd6 44. Bd5 g6 45. Kg3 Kg7 46. b4 Bd2 47. a3 Ne8 48. a4 Nc7 49. Bc4 Bxb4 50. Kf3 Ne8 51. Nb8 Nf6 0-1

[Event "Capablanca Memorial op 45th"]
[Site "Havana"]
[Date "2010.06.19"]
[Round "9"]
[White "Mena Crespo, Carlos E"]
[Black "Pazos Gambarrotti, Plinio Efrain"]
[Result "1/2-1/2"]
[WhiteElo "2337"]
[BlackElo "2296"]
[PlyCount "23"]
[EventDate "2010.06.10"]
[EventType "swiss"]
[EventRounds "10"]
[EventCountry "CUB"]
[SourceTitle "CBM 137 Extra"]
[Source "ChessBase"]
[SourceDate "2010.09.01"]
[SourceVersion "1"]
[SourceVersionDate "2010.09.01"]
[SourceQuality "1"]

1. Nf3 e6 2. c4 d5 3. d4 c6 4. Qc2 Nf6 5. g3 Be7 6. Bg2 0-0 7. 0-0 Nbd7 8. Nbd2 Re8 9. e4 dxe4 10. Nxe4 Nxe4 11. Qxe4 Nf6 12. Qe2 1/2-1/2

[Event "Capablanca Memorial op 45th"]
[Site "Havana"]
[Date "2010.06.16"]
[Round "6"]
[White "Mena Crespo, Carlos E"]
[Black "Galego, Luis"]
[Result "0-1"]
[WhiteElo "2337"]
[BlackElo "2488"]
[PlyCount "66"]
[EventDate "2010.06.10"]
[EventType "swiss"]
[EventRounds "10"]
[EventCountry "CUB"]
[SourceTitle "CBM 137 Extra"]
[Source "ChessBase"]
[SourceDate "2010.09.01"]
[SourceVersion "1"]
[SourceVersionDate "2010.09.01"]
[SourceQuality "1"]

1. Nf3 d6 2. d4 Nf6 3. g3 Nbd7 4. c4 e5 5. Nc3 Be7 6. Bg2 0-0 7. 0-0 Re8 8. e4 exd4 9. Nxd4 Bf8 10. h3 c6 11. Re1 a5 12. Be3 a4 13. Qc2 Qa5 14. Rab1 Nb6 15. b3 axb3 16. axb3 Bd7 17. Nde2 d5 18. cxd5 cxd5 19. b4 Qa6 20. Nf4 Nc4 21. Ncxd5 Na3 22. Qb3 Nxb1 23. Nc7 Qd6 24. Nxe8 Rxe8 25. Rxb1 Nxe4 26. Rd1 Qc7 27. Nd5 Qc6 28. Bd4 Bf5 29. g4 Bg6 30. f4 Qc8 31. f5 Bxf5 32. gxf5 Qxf5 33. Nc7 Re7 0-1

[Event "Capablanca Memorial op 45th"]
[Site "Havana"]
[Date "2010.06.14"]
[Round "5"]
[White "Abreu Delgado, Aryam"]
[Black "Mena Crespo, Carlos E"]
[Result "1/2-1/2"]
[WhiteElo "2482"]
[BlackElo "2337"]
[PlyCount "151"]
[EventDate "2010.06.10"]
[EventType "swiss"]
[EventRounds "10"]
[EventCountry "CUB"]
[SourceTitle "CBM 137 Extra"]
[Source "ChessBase"]
[SourceDate "2010.09.01"]
[SourceVersion "1"]
[SourceVersionDate "2010.09.01"]
[SourceQuality "1"]

1. d4 Nf6 2. c4 g6 3. g3 Bg7 4. Bg2 0-0 5. Nf3 d6 6. 0-0 Nc6 7. Nc3 e5 8. dxe5 dxe5 9. Qxd8 Rxd8 10. Bg5 Be6 11. Nd2 h6 12. Bxf6 Rxd2 13. Bxg7 Kxg7 14. Bxc6 bxc6 15. b3 Rad8 16. Rfd1 Bh3 17. f3 R8d4 18. Kf2 Bf5 19. g4 Bc8 20. Ke3 Rxd1 21. Rxd1 Rd6 22. c5 Rxd1 23. Nxd1 f5 24. gxf5 Bxf5 25. Kf2 Kf6 26. e4 Bc8 27. Ne3 Be6 28. Nc2 a5 29. Ne3 h5 30. Kg3 Bf7 31. h4 g5 32. Nd1 Be6 33. Nf2 Bc8 34. Nd1 Ba6 35. Ne3 Bd3 36. a3 Be2 37. hxg5+ Kxg5 38. Nf5 Bd1 39. b4 axb4 40. axb4 Be2 41. Kf2 Bd1 42. Ng7 Bb3 43. Ne8 Be6 44. Nxc7 Bd7 45. Na8 h4 46. Nb6 Be6 47. Na4 Bb3 48. Nb2 Kf6 49. Kg2 Be6 50. Nd3 Bc4 51. Nf2 Kg5 52. Nh3+ Kf6 53. f4 exf4 54. Kf3 Kg6 55. Kxf4 Be6 56. Ng1 Kf6 57. Nf3 h3 58. Kg3 Bd7 59. Kh2 Bg4 60. Ng1 Ke5 61. Nxh3 Bd7 62. Nf2 Kd4 63. Kg3 Kc4 64. Kf4 Kxb4 65. Nd3+ Kc3 66. Ne5 Be8 67. Ke3 Bh5 68. Nd7 Kc4 69. e5 Bg4 70. Nf6 Be6 71. Ne4 Bd5 72. Kf4 Kd4 73. Nf6 Be6 74. Ne4 Bd5 75. Nf6 Be6 76. Ne4 1/2-1/2

[Event "Barreras Memorial"]
[Site "Las Tunas"]
[Date "2010.04.06"]
[Round "9"]
[White "Guerrero, Dublas"]
[Black "Mena Crespo, Carlos E"]
[Result "1/2-1/2"]
[WhiteElo "2243"]
[BlackElo "2345"]
[PlyCount "26"]
[EventDate "2010.04.01"]
[EventType "tourn"]
[EventRounds "9"]
[EventCountry "CUB"]
[EventCategory "1"]
[SourceTitle "EXT 2012"]
[Source "ChessBase"]
[SourceDate "2011.11.24"]
[SourceVersion "1"]
[SourceVersionDate "2011.11.24"]
[SourceQuality "1"]

1. e4 e5 2. Nf3 Nf6 3. Nxe5 d6 4. Nf3 Nxe4 5. d4 d5 6. Bd3 Be7 7. 0-0 Nc6 8. c4 Nb4 9. Be2 0-0 10. a3 Nc6 11. cxd5 Qxd5 12. Nc3 Nxc3 13. bxc3 Bf5 1/2-1/2

[Event "Barreras Memorial"]
[Site "Las Tunas"]
[Date "2010.04.02"]
[Round "3"]
[White "Miranda Reyes, Alberto"]
[Black "Mena Crespo, Carlos E"]
[Result "0-1"]
[WhiteElo "2221"]
[BlackElo "2345"]
[PlyCount "64"]
[EventDate "2010.04.01"]
[EventType "tourn"]
[EventRounds "9"]
[EventCountry "CUB"]
[EventCategory "1"]
[SourceTitle "EXT 2012"]
[Source "ChessBase"]
[SourceDate "2011.11.24"]
[SourceVersion "1"]
[SourceVersionDate "2011.11.24"]
[SourceQuality "1"]

1. e4 e5 2. Nf3 Nc6 3. Bb5 a6 4. Bxc6 dxc6 5. 0-0 f6 6. d4 Bg4 7. c3 Bd6 8. Be3 Ne7 9. Nbd2 Qd7 10. h3 Be6 11. Re1 h5 12. Nf1 Ng6 13. Qc2 h4 14. dxe5 fxe5 15. Rad1 Qe7 16. c4 c5 17. Qc3 Rh5 18. Re2 Kf8 19. b3 Kg8 20. Ne1 b6 21. Nd3 Rf8 22. Bc1 Qd7 23. Kh2 Qc8 24. Ne1 Ne7 25. f4 Nc6 26. f5 Nd4 27. Rb2 Bxf5 28. exf5 e4+ 29. Kg1 Qxf5 30. Nh2 Bxh2+ 31. Kxh2 Qe5+ 32. g3 Nf3+ 0-1

[Event "Camaguey-A"]
[Site "Camaguey"]
[Date "2010.02.03"]
[Round "3"]
[White "Mena Crespo, Carlos E"]
[Black "Zamora Rosales, Noslen"]
[Result "1-0"]
[WhiteElo "2325"]
[BlackElo "2166"]
[PlyCount "111"]
[EventDate "2010.02.02"]
[EventType "tourn"]
[EventRounds "11"]
[EventCountry "CUB"]
[SourceTitle "CBM 135 Extra"]
[Source "ChessBase"]
[SourceDate "2010.05.04"]
[SourceVersion "1"]
[SourceVersionDate "2010.05.04"]
[SourceQuality "1"]

1. d4 Nf6 2. Nf3 e6 3. c4 d5 4. g3 Nbd7 5. Bg2 Be7 6. 0-0 0-0 7. Nbd2 c5 8. b3 cxd4 9. cxd5 Nxd5 10. Nxd4 Nc5 11. Bb2 Bf6 12. Nc4 Bd7 13. Rc1 b5 14. Ba3 Be7 15. Ne5 Rc8 16. e3 b4 17. Bb2 Bf6 18. Ng4 Be7 19. Qe2 f5 20. Ne5 Bf6 21. Nxd7 Qxd7 22. Rfd1 Ne4 23. Rxc8 Rxc8 24. Bxe4 fxe4 25. Qg4 Nc3 26. Bxc3 bxc3 27. Nc2 Qc6 28. Nb4 h5 29. Qxh5 Qb7 30. Nc2 Qc6 31. Qa5 a6 32. h4 Rb8 33. Kg2 Rb5 34. Qa4 Qc5 35. Qxe4 Rb6 36. Rd7 Rd6 37. Rxd6 Qxd6 38. b4 Kf7 39. h5 Qd1 40. g4 Ke7 41. a4 Qd2 42. Kg3 Qd1 43. f4 Qg1+ 44. Qg2 Bh4+ 45. Kh3 Qxg2+ 46. Kxg2 Kd6 47. e4 e5 48. Kf3 Bd8 49. g5 Bc7 50. f5 Bb8 51. Kg4 Ke7 52. f6+ gxf6 53. g6 Ke6 54. h6 f5+ 55. exf5+ Kf6 56. Ne3 1-0

[Event "San Nicolas de Bari-B"]
[Site "San Nicolas de Bari"]
[Date "2009.11.28"]
[Round "5"]
[White "Aguero Jimenez, Luis Lazaro"]
[Black "Mena Crespo, Carlos E"]
[Result "1-0"]
[WhiteElo "2400"]
[BlackElo "2109"]
[PlyCount "79"]
[EventDate "2009.11.24"]
[EventType "tourn"]
[EventRounds "7"]
[EventCountry "CUB"]
[EventCategory "2"]
[SourceTitle "CBM 133 Extra"]
[Source "ChessBase"]
[SourceDate "2010.01.05"]
[SourceVersion "1"]
[SourceVersionDate "2010.01.05"]
[SourceQuality "1"]

1. Nf3 Nf6 2. g3 g6 3. Bg2 Bg7 4. d4 0-0 5. 0-0 d6 6. Nc3 d5 7. Ne5 c6 8. Re1 Nbd7 9. f4 Nb6 10. e4 dxe4 11. Nxe4 Nxe4 12. Bxe4 Be6 13. Be3 Qc7 14. Bf2 Rfd8 15. Qe2 Nd5 16. c4 Nf6 17. Bg2 Qa5 18. b4 Qc7 19. Rac1 Qd6 20. b5 cxb5 21. d5 Bc8 22. c5 Qc7 23. Qxb5 Ng4 24. Bd4 Bf5 25. Qb2 Nf6 26. Nc4 Ne8 27. Ne3 Bc8 28. Bxg7 Nxg7 29. d6 exd6 30. Nd5 Qa5 31. Nf6+ Kf8 32. Nxh7+ Kg8 33. Nf6+ Kf8 34. c6 bxc6 35. Bxc6 Be6 36. Bxa8 Rxa8 37. g4 Qxa2 38. Qb7 Re8 39. Nxe8 Nxe8 40. f5 1-0

[Event "Camaguey Province-ch"]
[Site "Camaguey"]
[Date "2009.11.18"]
[Round "2"]
[White "Mena Crespo, Carlos E"]
[Black "Cabrera Torres, Raul"]
[Result "1/2-1/2"]
[WhiteElo "2320"]
[BlackElo "2355"]
[PlyCount "23"]
[EventDate "2009.11.02"]
[EventType "tourn"]
[EventRounds "18"]
[EventCountry "CUB"]
[EventCategory "1"]
[SourceTitle "EXT 2012"]
[Source "ChessBase"]
[SourceDate "2011.11.24"]
[SourceVersion "1"]
[SourceVersionDate "2011.11.24"]
[SourceQuality "1"]

1. d4 d5 2. c4 c6 3. Nf3 Nf6 4. cxd5 cxd5 5. Nc3 Nc6 6. Bf4 Bf5 7. e3 e6 8. Bd3 Bxd3 9. Qxd3 Bd6 10. Bxd6 Qxd6 11. 0-0 0-0 12. Rac1 1/2-1/2

[Event "Camaguey Province-ch"]
[Site "Camaguey"]
[Date "2009.11.11"]
[Round "2"]
[White "Mena Crespo, Carlos E"]
[Black "Hechavarria Puga, Ernesto"]
[Result "1-0"]
[WhiteElo "2320"]
[BlackElo "2080"]
[PlyCount "179"]
[EventDate "2009.11.02"]
[EventType "tourn"]
[EventRounds "18"]
[EventCountry "CUB"]
[EventCategory "1"]
[SourceTitle "EXT 2012"]
[Source "ChessBase"]
[SourceDate "2011.11.24"]
[SourceVersion "1"]
[SourceVersionDate "2011.11.24"]
[SourceQuality "1"]

1. Nf3 Nf6 2. b3 g6 3. Bb2 Bg7 4. g3 0-0 5. Bg2 d6 6. d4 c5 7. 0-0 Nbd7 8. c4 Rb8 9. Nc3 a6 10. a4 b6 11. Qc2 Qc7 12. d5 Rd8 13. h3 Nf8 14. e4 Bd7 15. Nd2 b5 16. axb5 axb5 17. Rab1 bxc4 18. bxc4 Rb7 19. Ne2 Rdb8 20. Bc3 Rxb1 21. Rxb1 Rxb1+ 22. Qxb1 Ne8 23. Bxg7 Nxg7 24. f4 Qa5 25. Qd3 Qa1+ 26. Kh2 Bc8 27. Nc3 Nd7 28. Qe3 f6 29. Bf3 Ba6 30. Be2 Qb2 31. Nd1 Qb4 32. Qd3 Nb6 33. Ne3 Ne8 34. h4 Ng7 35. g4 Na4 36. g5 Qc3 37. Qxc3 Nxc3 38. Bg4 Kf7 39. Kg3 Na4 40. Kf3 Nb6 41. e5 f5 42. e6+ Kf8 43. Bh3 Ne8 44. h5 Nc7 45. Kf2 Ne8 46. h6 Nc7 47. Bg2 Nca8 48. Ke2 Nc7 49. Kd1 Bb7 50. Kc2 Na6 51. Kb3 Nb4 52. Bf3 Nd3 53. Ng2 Ba6 54. Kc3 Nb4 55. Ne3 Bb7 56. Nb3 Na4+ 57. Kd2 Ba6 58. Na5 Nb6 59. Be2 Bc8 60. Kc3 Na4+ 61. Kb3 Nb6 62. Kc3 Na4+ 63. Kd2 Nb6 64. Bd3 Kg8 65. Bb1 Kf8 66. Kc3 Na4+ 67. Kb3 Nb6 68. Ka3 Ba6 69. Ba2 Nd3 70. Ng2 Nb4 71. Bb3 Nd3 72. Ka2 Nb4+ 73. Kb2 Bc8 74. Kc3 Ke8 75. Ne3 Kf8 76. Nc2 Nxc2 77. Bxc2 Ba6 78. Bb3 Bc8 79. Nc6 Ba6 80. Nb8 Bc8 81. Bc2 Kg8 82. Nc6 Kf8 83. Bxf5 gxf5 84. Nxe7 Bd7 85. exd7 Nxd7 86. Nxf5 Kf7 87. Nxd6+ Ke7 88. Ne4 Kf7 89. Nf6 Nf8 90. Kd3 1-0

[Event "Capablanca Memorial op 44th"]
[Site "Havana"]
[Date "2009.06.14"]
[Round "6"]
[White "Valdes Lopez, Alejandro"]
[Black "Mena Crespo, Carlos E"]
[Result "0-1"]
[WhiteElo "2233"]
[BlackElo "2353"]
[PlyCount "72"]
[EventDate "2009.06.08"]
[EventType "swiss"]
[EventRounds "10"]
[EventCountry "CUB"]
[SourceTitle "CBM 130 Extra"]
[Source "ChessBase"]
[SourceDate "2009.07.02"]
[SourceVersion "2"]
[SourceVersionDate "2009.07.15"]
[SourceQuality "1"]

1. e4 e5 2. Nf3 Nc6 3. d4 exd4 4. Nxd4 Nf6 5. Nxc6 bxc6 6. e5 Qe7 7. Qe2 Nd5 8. c4 Ba6 9. b3 g6 10. f4 f6 11. exf6 Qxe2+ 12. Bxe2 Bb4+ 13. Kd1 Nxf6 14. Bf3 0-0 15. Bd2 Bc5 16. Bc3 d5 17. Nd2 Be3 18. g3 Rad8 19. Kc2 Bxd2 20. Bxd2 dxc4 21. Bb4 Rfe8 22. Rhe1 Rxe1 23. Rxe1 cxb3+ 24. axb3 Bb5 25. Bc5 a6 26. Re6 Nd5 27. Be4 Kf7 28. f5 gxf5 29. Bxf5 Bd3+ 30. Bxd3 Kxe6 31. Bxh7 Rh8 32. Bd3 Rxh2+ 33. Kc1 a5 34. g4 Ke5 35. g5 Rg2 36. Bg6 Nf4 0-1